Statistics for British Films and TV Shows

Click here to take the quiz!

General Stats

  • This quiz has been taken 60 times
  • The average score is 9 of 16

Answer Stats

Answer% Correct
Harry Potter
100%
Mrs Brown's Boys
88%
Peaky Blinders
86%
Only Fools and Horses
84%
Sherlock Holmes
76%
Coronation Street
73%
Porridge
69%
Dr Who
65%
Balamory
47%
Octonauts
41%
Taggart
41%
Heartstopper
29%
The Imitation Game
29%
Still Game
22%
Sunshine on Leith
8%
Camelot
4%

Score Distribution

Percentile by Number Answered

Percent of People with Each Score

Your Score History

You have not taken this quiz